| 000 | 00370nam a2200145 a 4500 | ||
|---|---|---|---|
| 005 | 20140412111408.0 | ||
| 008 | 070706s19uu xx 00 eng d | ||
| 050 |
_aM 796 _bD78 1998 |
||
| 100 | _aDrake, Jane | ||
| 245 |
_aThe kids Jumbo games book / _cJane Drake. |
||
| 260 |
_aCanada : _bKids can press, _c1998. |
||
| 300 | _a175 | ||
| 650 | _aGames | ||
| 999 |
_c105612 _d105612 |
||